000
00200 a2200097 4500
001
37780
100
_a
Smith E
245
_a
Basic Mathematics
260
_a
G B
_b
Macmillan
_c
090
_c
23973
_d
23973
942
_a
NUST-CAE
_c
M
_c
15528
999
_c
272853
_d
272853